[Event "Czechia KP-chTB 0607"]
[Site "Czech Republic"]
[Date "2007.04.01"]
[Round "11.6"]
[White "Vobornik, Borivoj"]
[Black "Kolouch, Tomas"]
[Result "1-0"]
[WhiteElo "1764"]
[BlackElo "1476"]
[PlyCount "37"]
[EventDate "2006.10.29"]
[EventType "team"]
[EventRounds "11"]
[EventCountry "CZE"]
[SourceTitle "EXT 2008"]
[Source "ChessBase"]
[SourceDate "2007.11.25"]
[SourceVersion "1"]
[SourceVersionDate "2007.11.25"]
[SourceQuality "1"]
[WhiteTeam "Lysa nad Labem"]
[BlackTeam "Benesov"]
[WhiteTeamCountry "CZE"]
[BlackTeamCountry "CZE"]

1. Nf3 d5 2. c4 dxc4 3. e3 e6 4. Bxc4 Nf6 5. 0-0 Be7 6. d4 0-0 7. Qe2 c5 8. dxc5 Bxc5 9. Nc3 Nc6 10. a3 a6 11. b4 Ba7 12. Bb2 b5 13. Bd3 e5 14. Rac1 Bb7 15. Ne4 Re8 16. Rfd1 Nxe4 17. Bxe4 Nd4 18. Bxd4 Bxe4 19. Bxa7 1-0

[Event "Czechia KP-chTB 0607"]
[Site "Czech Republic"]
[Date "2007.02.18"]
[Round "8.8"]
[White "Hlina, Miloslav"]
[Black "Vobornik, Borivoj"]
[Result "1-0"]
[WhiteElo "1754"]
[BlackElo "1764"]
[PlyCount "107"]
[EventDate "2006.10.29"]
[EventType "team"]
[EventRounds "11"]
[EventCountry "CZE"]
[SourceTitle "EXT 2008"]
[Source "ChessBase"]
[SourceDate "2007.11.25"]
[SourceVersion "1"]
[SourceVersionDate "2007.11.25"]
[SourceQuality "1"]
[WhiteTeam "Ricany III"]
[BlackTeam "Lysa nad Labem"]
[WhiteTeamCountry "CZE"]
[BlackTeamCountry "CZE"]

1. d4 Nf6 2. b3 e6 3. Bb2 b6 4. Nd2 Bb7 5. e3 Be7 6. Ngf3 0-0 7. Be2 d5 8. 0-0 Nbd7 9. c4 Re8 10. Rc1 Rc8 11. Qc2 c5 12. Qb1 Nb8 13. Ne5 Nc6 14. Nxc6 Bxc6 15. Rfd1 Bd6 16. dxc5 Bxc5 17. Qa1 Qe7 18. Bxf6 Qxf6 19. Qxf6 gxf6 20. Bf3 Ba3 21. Rc2 Bb7 22. Nb1 Bd6 23. Rcc1 Be5 24. cxd5 Bxd5 25. Bxd5 Rxc1 26. Rxc1 exd5 27. Nc3 d4 28. exd4 Bxd4 29. Kf1 Rc8 30. Ne2 Rxc1+ 31. Nxc1 Kf8 32. Ke2 Be5 33. h3 Ke7 34. Nd3 Bd6 35. Kf3 f5 36. Nf4 Bb8 37. g4 fxg4+ 38. hxg4 Kd6 39. Ke4 Kc5 40. Nd3+ Kd6 41. Kf5 Ke7 42. Ne5 Bxe5 43. Kxe5 f6+ 44. Kd5 Kf7 45. Kd6 f5 46. g5 f4 47. Ke5 f3 48. Kf4 Ke6 49. Ke4 Kd6 50. Kxf3 Kc5 51. Ke4 Kb4 52. f4 Ka3 53. f5 Kxa2 54. f6 1-0

[Event "Czechia KP-chTB 0607"]
[Site "Czech Republic"]
[Date "2007.01.07"]
[Round "5.8"]
[White "Vobornik, Borivoj"]
[Black "Krejcova, Katerina"]
[Result "1-0"]
[WhiteElo "1764"]
[BlackElo "1999"]
[PlyCount "75"]
[EventDate "2006.10.29"]
[EventType "team"]
[EventRounds "11"]
[EventCountry "CZE"]
[SourceTitle "EXT 2008"]
[Source "ChessBase"]
[SourceDate "2007.11.25"]
[SourceVersion "1"]
[SourceVersionDate "2007.11.25"]
[SourceQuality "1"]
[WhiteTeam "Lysa nad Labem"]
[BlackTeam "Kutna Hora"]
[WhiteTeamCountry "CZE"]
[BlackTeamCountry "CZE"]

1. c4 c5 2. Nc3 Nc6 3. g3 g6 4. Bg2 Bg7 5. e4 d6 6. Nge2 e6 7. d3 Nge7 8. 0-0 0-0 9. Rb1 a6 10. a3 f5 11. b4 Bd7 12. bxc5 dxc5 13. Rxb7 Ne5 14. Bg5 Rf7 15. exf5 gxf5 16. Na4 Qe8 17. Nxc5 Bc6 18. Rc7 Bxg2 19. Kxg2 Rc8 20. Rxc8 Qxc8 21. Nb3 N7g6 22. Nf4 Rd7 23. Qc2 h6 24. Nxg6 Nxg6 25. Be3 Ne5 26. Nc5 Rd6 27. Qb3 Ng4 28. Qb4 Bf8 29. d4 e5 30. Qb7 Qd8 31. d5 Nxe3+ 32. fxe3 Rb6 33. Qd7 Qf6 34. Rxf5 Rb2+ 35. Kh3 Qg6 36. Ne4 Bxa3 37. Nf6+ Kh8 38. Qd8+ 1-0